| 000 | 00551nam a22001937a 4500 | ||
|---|---|---|---|
| 999 |
_c525544 _d525544 |
||
| 003 | NUST | ||
| 005 | 20190703050617.0 | ||
| 038 | _aFaiza | ||
| 082 |
_a297.11 _bSUL |
||
| 100 |
_aSultan Bashir Mehmood _916445 |
||
| 245 |
_aTalas-e-Haqiqat _b(In Search of Reality) / _cSultan Bashir Mehmood |
||
| 250 | _a3rd ed. | ||
| 260 |
_aIslamabad: _bDarul hikmat International, _c2008. |
||
| 300 | _a176p. ; | ||
| 500 | _aHard Cover | ||
| 880 |
_6100-01\r _aسلطان بشیر محمود |
||
| 880 |
_6245-02\r _a /تلاشِ حقیقت |
||
| 942 |
_2ddc _cBK |
||